000 01847nam a2200565 i 4500
001 2768
003 KOSZ 005
005 20200504115704.0
008 981103s1986 pl |000 0 pol
015 _aUWD 1986/2196
020 _a8320203252
035 _a991007586479705066
035 _a(PL-WaBN)b1196716x-48omnis_nlop
035 _ab1196716x
035 _a(OCoLC)749577229
035 _a(PL)b0000001196716
035 _a(EXLNZ-48OMNIS_NETWORK)9910529350705606
040 _aWA N
_cWA N
_dKOSZ 005/AR
041 0 _apol
044 _apl
046 _k1986
080 _a005
080 _a005.5
080 _a658.1/.5
080 _a66/69
080 _a331
080 _a331.1
100 1 _aStrzelecki, Tadeusz Jan
_d(1933- )
_eAutor
245 1 0 _aBadanie i projektowanie systemów zarządzania /
_cTadeusz Strzelecki.
260 _aWarszawa :
_bInstytut Wydawniczy Związków Zawodowych,
_c1986.
300 _a178, [2] strony ;
_c17 cm.
336 _aTekst
_btxt
_2rdacontent
337 _aBez urządzenia pośredniczącego
_bn
_2rdamedia
338 _aWolumin
_bnc
_2rdacarrier
380 _aKsiążki
388 _a1901-2000
388 _a1945-1989
490 1 _aDoskonalenie Organizacji Przedsiębiorstwa Przemysłowego
504 _aBibliografia na stronach 178-[179].
650 7 _aProduktywność pracy
_2DBN
650 7 _aPrzedsiębiorstwo
_2DBN
650 7 _aZarządzanie
_2DBN
650 7 _aOrganizacja
_2DBN
658 _aZarządzanie i marketing
710 _4pbl
_aInstytut Wydawniczy Związków Zawodowych
830 0 _aDoskonalenie Organizacji Przedsiębiorstwa Przemysłowego
856 _uhttp://koha.tu.koszalin.pl/cgi-bin/koha/opac-detail.pl?biblionumber=2768
_yKatalog online BPK
942 _2UKD
_cKS
999 _c2768
_d2768